| 000 | 00798nam a22002177a 4500 | ||
|---|---|---|---|
| 003 | OSt | ||
| 005 | 20140310181919.0 | ||
| 008 | 130717t xxu||||| |||| 00| 0 eng d | ||
| 050 |
_aLB 2342.92 _b.Sch385 2001 |
||
| 082 |
_aTR 510 _bC237hs 2003 |
||
| 100 |
_aSchuh, John H. _91389 |
||
| 245 |
_aAssessment practice in student affairs : _ban applications manual / _cJohn H. Schuh, M. lee Upcraft and Associates. |
||
| 260 |
_aSan Francisco, Calif : _bJossey-Bass, _cc2001. |
||
| 300 |
_a139 p. ; _bill. ; _c25 cm. |
||
| 521 | _aFaculty | ||
| 541 | _j1 | ||
| 562 | _e1 | ||
| 650 |
_a Student affairs services _xUnited States _xEvaluation _xHandbooks, manuals, etc. _91413 |
||
| 650 |
_aEducation, Higher _xUnited States _xEvaluation _xHandbooks, manuals, etc. _91414 |
||
| 942 |
_2lcc _cBK-TR _kTR |
||
| 999 |
_c6898 _d6898 |
||